00927nam a2200229Ii 45000010005000000030009000050080041000140400033000550410008000880820020000961000021001162450037001372640059001743000012002333360026002453370028002713380027002999400050003269990017003769520152003939520152005453311CO-ViMGA241108s9999||||xx |||||||||||||| ||und|| aCO-ViMGAbspaerdacCO-ViMGA0 aunk04aR 940.513 R674h1 aA Rotherq95320410aHistoria de la II Guerra mundial 1a[Lugar de publicación no identificado] : Marin, 1969 avolumen atextbtxt2rdacontent aunmediatedbn2rdamedia avolumebnc2rdacarrier aidficha_siabuc: 3231. -- ficha_no_siabuc:3311 c49752d49752 001040708014aMEVIGERRbMEVIGERRcREFd2006-11-27hVol. Tomo 2oR 940.513 R674hpECA1703r2024-11-26 10:01:20tEj.1w2024-11-26yBKz3231 | 4758 001040708014aMEVIGERRbMEVIGERRcREFd2006-11-27hVol. Tomo 1oR 940.513 R674hpECA1702r2024-11-26 10:01:20tEj.1w2024-11-26yBKz3231 | 4757